Los intelectuales en cuestión : esbozo de una reflexión /

Reflexión sobre el significado y el sentido del compromiso de los grupos intelectuales, en el que se plantea la necesidad de una conciencia política y una ética intelectual insobornables. Para Maurice Blanchot, el compromiso de los intelectuales ha de ser con la justicia y, en consecuencia, una toma...

Täydet tiedot

Tallennettuna:
Bibliografiset tiedot
Päätekijä: Blanchot, Maurice (autor)
Aineistotyyppi: Kirja
Kieli:espanja
Julkaistu: Madrid, España : Tecnos, 2003, c2003
Aiheet:
Tagit: Lisää tagi
Ei tageja, Lisää ensimmäinen tagi!

MARC

LEADER 00000nam^a2200000^a^4500
001 000149453
005 20250521000000.0
009 20260310100100.953
020 |a 84-309-3927-X 
037 |a Acervo ITESO - Biblioteca 
041 |a ESP 
082 |a 322. 6  |b BLA 
100 |a Blanchot, Maurice  |e (autor) 
245 1 4 |a Los intelectuales en cuestión :  |b esbozo de una reflexión /  |c M. Blanchot ; pról. y tr. por Manuel Arranz. 
264 4 |a Madrid, España :  |b Tecnos,  |c 2003, c2003 
300 |a 124 p. 
336 |a texto  |b txt  |2 rdacontenido 
337 |a sin mediación  |b n  |2 rdamedio 
338 |a volumen  |b nc  |2 rdasoporte 
500 |a Traducción de: Les intellectuels en question. Ebauche d'une réflexion 
520 |a Reflexión sobre el significado y el sentido del compromiso de los grupos intelectuales, en el que se plantea la necesidad de una conciencia política y una ética intelectual insobornables. Para Maurice Blanchot, el compromiso de los intelectuales ha de ser con la justicia y, en consecuencia, una toma de partido activa contra la injusticia. A través de algunos sucesos luctuosos del siglo XX y de casos tristemente célebres de antisemitismo en que los intelectuales fueron puesto en cuestión, el autor reflexiona sobre su práctica, necesidad y su difícil futuro. 
649 |a XX 
650 |a Intelectuales -  |x Condiciones Políticas 
650 |a Grupos Sociales 
650 |a Antisemitismo 
650 |a Discriminación 
650 |a Justicia e Injusticia 
650 |a Problemas Sociales 
650 |a Historia Moderna -  |y Siglo XX 
650 |a Historia Universal 
650 |a Compromiso (Etica) 
650 |a Etica Política 
910 |a Fondo General 
920 |a Impresos - Libros 
930 |a Colección General 
905 |a 101 
901 |a 0500079041  |b IT1  |c ACC  |u 20250521 
902 |a https://opac.biblio.iteso.mx/vufind/Record/000149453